Oakland Athletics Trivia - Statistics

General Stats
  • This quiz has been taken 101 times
  • The average score is 9 of 15
Answer Stats
Question Answer % Correct
Which city has the A's franchise not called home? Atlanta
83%
The A's mascot is named Stomper, but what animal is he? Elephant
83%
On Mother's Day 2010 which player hurled a perfect game and hugged his grandmother on the field after? Dallas Braden
78%
What is not an official color of the Athletics? Midnight Black
78%
Khris Davis hit 159 homeruns over 6 seasons with the A's, but his most famous feat (mostly) with the A's was totalling a batting average of ___ for 4 straight seasons. .247
67%
What is the only other country the A's have played in other than the United States and Canada? Japan
67%
Which one of these legendary managers never took the helm for the A's? Jim Leyland
67%
Currently the RingCentral Coliseum, what is a name that their current stadium has not gone by? Clorox Coliseum
61%
The Athletics have played in 15 World Series, how many have they won? 9
56%
All 4 of these Athletics legends are in the Hall of Fame, but only one has an A's hat on their plaque. Who chose the A's for their Hall of Fame plaque? Dennis Eckersley
56%
The last nine World Series apperances from the A's have come in groups of three, which set of three years did not see the A's in the World Series? 1955, 1956, 1957
50%
In 1931 the Athletics had their winningest year ever. Out of 153 games played that year, how many did they win? 107
44%
In 2014 the Athletics had 7 players on the All-Star team, which one of these players did not represent the A's at the game? Jon Lester
44%
The A's have 6 different numbers that are retired (including Jackie Robinson's 42), which number have they retired twice? 34
39%
The A's have been blessed with great defense for almost their entire existance, which one of these players is not a multi time Gold Glove winner for the Athletics? Rickey Henderson
28%
No matching quizzes found
Score Distribution
Percent of People with Each Score
Percentile by Number Answered
Your Score History
You have not taken this quiz